Simbad el marino / (Registro nro. 12271)
[ vista simple ]
| 000 -LIDER | |
|---|---|
| fixed length control field | 00827nam a22002537a 4500 |
| 003 - IDENTIFICACDOR DE NÚMERO DE CONTROL | |
| control field | DO-SdBPM |
| 005 - DATE AND TIME OF LATEST TRANSACTION | |
| control field | 20250320094730.0 |
| 008 - ELEMENTOS DE LONGITUD FIJA | |
| fixed length control field | 161205b 2005 sp a 00| 0 spa d |
| 020 ## - ISBN | |
| International Standard Book Number | 9788496412712 |
| 040 ## - FUENTE DE CATALOGACIÓN | |
| Agencia que crea de manera original el registro | BPMSU |
| Idioma de catalogación | spa |
| Agencia que realiza la transcripción | BPMSU |
| 082 #4 - NÚMERO DE CLASIFICACIÓN DECIMAL DE DEWEY | |
| Classification number | 892.73 |
| Item number | S588m 2005 |
| Edition number | 22 |
| 100 1# - ASIENTO PRINCIPAL -- NOMBRE PERSONAL | |
| Nombre personal | Szpumberg, Alberto |
| Fechas asociadas con el nombre | 1940-2020 |
| 245 10 - MENCIÓN DE TITULO | |
| Título | Simbad el marino / |
| Mención de responsabilidad | Anónimo ; adaptación Alberto Szpunberg ; ilustración Sergio Kern |
| 260 ## - PUBLICACIÓN, DISTRIBUCIÓN, ETC. (PIE DE IMPRENTA) | |
| Lugar de publicación, distribución, etc | Barcelona : |
| Nombre del editor, distribuidor, etc. | El País, |
| Fecha de publicación, distribución, etc | 2005. |
| 300 ## - DESCRIPCIÓN FÍSICA | |
| Extensión | 45 p. : |
| Otros detalles físicos | ilustrado, |
| Dimensiones | 20 cm. |
| 490 0# - MENCIÓN DE SERIES | |
| Mención de serie | Cuentos infantiles, |
| Volume/sequential designation | 17 |
| 590 ## - NOTA LOCAL | |
| Texto de la nota local | Inventariado, 2025/VM |
| 650 #4 - ENCABEZAMIENTO DE MATERIA--TEMÁTICO | |
| Término temático o nombre geográfico como elemento de entrada | Cuentos infantiles árabes |
| 650 #4 - ENCABEZAMIENTO DE MATERIA--TEMÁTICO | |
| Término temático o nombre geográfico como elemento de entrada | Literatura infantil árabe |
| 650 #4 - ENCABEZAMIENTO DE MATERIA--TEMÁTICO | |
| Término temático o nombre geográfico como elemento de entrada | Libros ilustrados para niños |
| 700 1# - ASIENTO SECUNDARIO -- NOMBRE PERSONAL | |
| Nombre personal | Kern, Sergio, |
| Mención de responsabilidad | ilustración |
| 910 ## - VALIDACIÓN | |
| Validación | VMateo V. Control de calidad. BPMSU |
| 942 ## - ADDED ENTRY ELEMENTS (KOHA) | |
| Source of classification or shelving scheme | Dewey Decimal Classification |
| Koha item type | Libros |
| Withdrawn status | Lost status | Source of classification or shelving scheme | Damaged status | Not for loan | Collection code | Home library | Current library | Date acquired | Source of acquisition | Total Checkouts | Full call number | Barcode | Date last seen | Price effective from | Koha item type |
|---|---|---|---|---|---|---|---|---|---|---|---|---|---|---|---|
| Dewey Decimal Classification | Colección Infantil General | Biblioteca Pública Metropolitana Salomé Ureña | Biblioteca Pública Metropolitana Salomé Ureña | 12/05/2016 | FUNDI | BPMSU CGI 892.73 S588m 2005 | BPMSU16120116 | 12/05/2016 | 12/05/2016 | Libros |